«Racista, eu!?» (Registo nº 1827)

Detalhes MARC
000 -Etiqueta do registo
Cabeçalho 01016nam a22003131 4500
005 - Identificador da versão
Campo de controlo 20240813121917.0
010 ## - Número internacional normalizado dos livros (ISBN)
Número (ISBN) 9282840239
021 ## - Número do Depósito Legal
Código do país PT
100 ## - Dados gerais de processamento
Dados gerais de processamento 20070514d1998 dama0pory5003 ba
102 ## - Pais de publicação ou produção
País de publicação Portugal
101 0# - Língua de publicação
Língua do texto, banda sonora, etc. Português
106 ## - Campo de dados codificados: material textual
Dados codificados do material textual r
105 ## - Campo de dados codificados: livros
Dados codificados dos livros a t 000zy
215 ## - Descrição física 
Indicação específica da natureza do documento e extensão da espécie 31 p.
Outras indicações físicas todo il.
Dimensões 30 cm
200 1# - Titulo e menção de responsabilidade
Título próprio «Racista, eu!?»
Primeira menção de responsabilidade Comissão Europeia
Outras menções de responsabilidade conceito e realiz. Concerto Brussels, des. Sérgio Palma
210 ## - Publicação, Distribuição, etc. 
Lugar da edição, distribuição, etc. Luxemburgo
Nome do editor, distribuidor, etc. Serviço das Publicações Oficiais das Comunidades Europeias
Data da publicação, distribuição, etc. 1998
300 ## - Notas gerais 
Texto da nota Contém textos de apoio e bibliografia
606 ## - Nome comum usado como assunto
Número de registo de entrada de autoridade 0000223
Palavra de ordem Literatura portuguesa infanto-juvenil
Subdivisão de assunto Banda desenhada
Número de registo de entrada de autoridade 0000346
Palavra de ordem Educação para a cidadania
Número de registo de entrada de autoridade 0000347
Palavra de ordem Racismo
675 ## - Classificação Decimal Universal (CDU)
Notação 821.134.3-9
Edição
Língua da edição por
702 #1 - Nome de autor-pessoa física (responsabilidade secundária)
Número de registo de entrada de autoridade 0000348
Palavra de ordem Concerto Brussels
Código de função Editor literário / Coordenador
Número de registo de entrada de autoridade 0000349
Palavra de ordem Palma
Outra parte do nome não tomada para palavra de ordem Sérgio
Código de função Ilustrador / Técnico de desenho computorizado
710 02 - Nome de colectividade-autor (responsabilidade principal)
Número de registo de entrada de autoridade 0000350
Palavra de ordem Comissão Europeia
942 ## - Elementos de entrada adicionados (Koha)
Tipo de item no Koha Livro
Exemplares
Situação do levantamento Origin of item (home branch) (coded) Biblioteca de empréstimo Código de barras Cota Circulation type (not for loan) Tipo de documento Nota do exemplar Damaged status
  Biblioteca Escolar da Coca Maravilhas Biblioteca Escolar da Coca Maravilhas BECM4233/99 8BD COM   Livro Sem mensagem